Higher education and global challenges: (Record no. 17044)

MARC details
000 -LEADER
fixed length control field 00797nam a22002057a 4500
008 - FIXED-LENGTH DATA ELEMENTS--GENERAL INFORMATION
fixed length control field 081020t xxu||||| |||| 00| 0 eng d
010 ## - LIBRARY OF CONGRESS CONTROL NUMBER
LC control number ENG-84077
020 ## - INTERNATIONAL STANDARD BOOK NUMBER
International Standard Book Number 8176298778
020 ## - INTERNATIONAL STANDARD BOOK NUMBER
Terms of availability 880.00 (hb)
035 ## - SYSTEM CONTROL NUMBER
System control number EN-67610
082 ## - DEWEY DECIMAL CLASSIFICATION NUMBER
Classification number 378.54
245 ## - TITLE STATEMENT
Title Higher education and global challenges:
Remainder of title systems and opportunities /
Statement of responsibility, etc edited by P P Arya
260 ## - PUBLICATION, DISTRIBUTION, ETC. (IMPRINT)
Place of publication, distribution, etc New Delhi
Name of publisher, distributor, etc Deep and Deep Publications
Place of manufacture F-159, Rajouri Garden, New Delhi-110027
260 ## - PUBLICATION, DISTRIBUTION, ETC. (IMPRINT)
Date of publication, distribution, etc 2006
300 ## - PHYSICAL DESCRIPTION
Extent xiii,317p
Dimensions 24cm
500 ## - GENERAL NOTE
General note Includes bibliographical references and index
700 ## - ADDED ENTRY--PERSONAL NAME
Personal name Arya, P P
942 ## - ADDED ENTRY ELEMENTS (KOHA)
Source of classification or shelving scheme Dewey Decimal Classification
Koha item type English Books
Classification part 378.54
Call number suffix HIG
Holdings
Withdrawn status Lost status Source of classification or shelving scheme Damaged status Not for loan Home library Current library Date acquired Cost, normal purchase price Total Checkouts Full call number Barcode Date last seen Copy number Cost, replacement price Price effective from Koha item type
    Dewey Decimal Classification   Not For Loan D.B.Act.Division D.B.Act.Division 23/02/2007 880.00   378.54 HIG EN-67610 21/10/2008 1 880.00 21/10/2008 English Books

© Delhi Public Library
Hit Counter
free hit counter